Quasidifferentiability and nonsmooth modelling in mechanics, engineering and economics

Αποθηκεύτηκε σε:
Λεπτομέρειες βιβλιογραφικής εγγραφής
Άλλοι συγγραφείς: Demianov, V. F. (Vladimir Fedorovich) 1938-
Μορφή: Βιβλίο
Γλώσσα:English
Δημοσίευση: Dordrecht ; Boston : Kluwer Academic, c1996
Σειρά:Nonconvex optimization and its applications ; ; v. 10
Θέματα:
Ετικέτες: Προσθήκη ετικέτας
Δεν υπάρχουν, Καταχωρήστε ετικέτα πρώτοι!

MARC

LEADER 00000nam a2200000 i 4500
001 1/84111
008 990621s1996 eng d
020 |a 0-7923-4093-0 
035 |l 10051528 
040 |a GR-MY-UA  |b gre  |e aacr 
041 0 |a eng 
082 0 |a 620.10151564 
245 1 0 |a Quasidifferentiability and nonsmooth modelling in mechanics, engineering and economics /  |c by Vladimir F. Dem'yanov...[et.al.]. 
260 |a Dordrecht ; Boston :   |b Kluwer Academic,   |c c1996 
300 |a xvii, 348 p.;  |b ill.;  |c 25 cm. 
490 1 |a Nonconvex optimization and its applications  |v ; v. 10 
504 |a Includes bibliographical references and index 
650 0 0 |a Engineering  |x Mathematical models. 
650 0 0 |a Mechanics, Applied  |x Mathematical models. 
650 0 0 |a Economics  |x Mathematical models. 
650 0 0 |a Mathematical optimization. 
650 0 0 |a Nonsmooth optimization. 
700 1 |a Demianov, V. F.  |q (Vladimir Fedorovich)  |d 1938- 
830 0 |a Nonconvex optimization and its applications ;  |v ; v. 10 
852 |a INST  |b SAMOS  |e 19990621  |h 620.10151564 QUA  |p 005300012577  |q 005300012577  |t BK  |y 0 
852 |a INST  |b SAMOS  |e 20000522  |h 620.10151564 QUA  |p 005300024425  |q 005300024425  |t BK  |y 0 
901 |a BIBL3-1999-2 
901 |a BIBL3-2000-2 
909 |a Σ  |b 063235 
909 |a Σ  |b 077931 
922 |a 3ΕΛΗ  |b 199905  |c ΕΠΕΑΕΚ/ΜΑΘ  |d GLORY 
922 |a 3ΕΛΗ  |b 200003  |c ΚΠΣ  |d GLORY 
950 |a 116-1999-12-23 
970 |a Γενούζου  |b Χρυσάνθη  |z 1999/06/21